Elenco Corinthians 2022 - Statistics

Estatísticas Gerais
  • Esse quiz foi jogado 637 vezes
  • A pontuação média é 16 de 32
Estatísticas das Respostas
Hint Resposta % Correto
Goleiro Cássio
100%
Lateral Direito Fagner
92%
Atacante RogerGuedes
88%
Lateral Esquerdo Fábio Santos
86%
Zagueiro Gil
86%
Meia RenatoAugusto
80%
Goleiro MatheusDonelli
77%
Goleiro CarlosMiguel
72%
Atacante
68%
Lateral Esquerdo Lucas Piton
62%
Meia Giuliano
61%
Volante Paulinho
61%
Zagueiro RaulGustavo
58%
Atacante GustavoSilva
54%
Meia Willian
52%
Meia Adson
49%
Volante Du Queiroz
48%
Goleiro Ivan
46%
Meia GustavoMantuan
44%
Zagueiro João Victor
44%
Volante Roni
42%
Volante VíctorCantillo
42%
Zagueiro RobsonBambu
36%
Lateral Direito João Pedro
32%
Lateral Esquerdo Bruno Melo
29%
Meia Luan
29%
Volante Xavier
28%
Goleiro Guilherme
17%
Meia GabrielPereira
16%
Zagueiro DaniloAvelar
8%
Atacante RuanOliveira
7%
Atacante JonathanCafu
4%
Nenhum quiz correspondente encontrado
Distribuição das Pontuações
Porcentagem de Pessoas com Cada Pontuação
Percentil de Números Respondidos
Sua Pontuação Histórica
Você não jogou esse quiz